W'i Piemont (con Carlo Artuffo)-Lp 3C 052 17139 (Record n. 101203)

Dettagli MARC
000 -LEADER
fixed length control field 01272njm a2200289Ia 4500
001 - CONTROL NUMBER
control field 23997
003 - CONTROL NUMBER IDENTIFIER
control field IT-RoPAU
005 - DATE AND TIME OF LATEST TRANSACTION
control field 20220918181141.0
008 - FIXED-LENGTH DATA ELEMENTS--GENERAL INFORMATION
fixed length control field 131025s9999 xx 000 0 und d
040 ## - CATALOGING SOURCE
Original cataloging agency IT-RoPAU
040 ## - CATALOGING SOURCE
Transcribing agency IT-RoPAU
041 ## - LANGUAGE CODE
Language code of text/sound track or separate title ITALIANO
999 ## - SYSTEM CONTROL NUMBERS (KOHA)
Koha Dewey Subclass [OBSOLETE] n.d.
100 ## - MAIN ENTRY--PERSONAL NAME
Personal name Artuffo Carlo
9 (RLIN) 8158
100 ## - MAIN ENTRY--PERSONAL NAME
Relator term Autore musica
9 (RLIN) 8159
100 ## - MAIN ENTRY--PERSONAL NAME
Miscellaneous information Codice autore musica SPICS: 7857
9 (RLIN) 8160
245 ## - TITLE STATEMENT
Title W'i Piemont (con Carlo Artuffo)-Lp 3C 052 17139
250 ## - EDITION STATEMENT
Edition statement 1a ed.
260 ## - PUBLICATION, DISTRIBUTION, ETC. (IMPRINT)
Place of publication, distribution, etc. VARESE
260 ## - PUBLICATION, DISTRIBUTION, ETC. (IMPRINT)
Name of publisher, distributor, etc. EMI ITALIANA
Date of publication, distribution, etc. 1967 [1a Ed.:1967 - Ed. Lingua Orig.: 1967]
300 ## - PHYSICAL DESCRIPTION
Extent DISCO
500 ## - GENERAL NOTE
General note Monologhi e canzoni in dialetto piemontese. Canti folkloristici. Musica popolare
505 ## - FORMATTED CONTENTS NOTE
Formatted contents note Dammi quella littra (No non te la dago) - I pompista d'me pais - Domani concerto in piazza - L'ordinanza del Capitani - Avventura d'un contadino - Tirte na bala - Veui mostrete na riceta - I porci del nostro paese - Cola birba d' Flipott - L'aso sop - Na parentela baravantana - La predica d' don Cocala - La festa d' Mongardin - Mi hanno bocciato da coporale.
650 ## - SUBJECT ADDED ENTRY--TOPICAL TERM
Topical term or geographic name as entry element POPOLARE [DISCHI]
Relator term Codice MATERIA SPICS: 9950
9 (RLIN) 8161
700 ## - ADDED ENTRY--PERSONAL NAME
Personal name Artuffo Carlo
Relator term Autore testo e musica
Miscellaneous information Codice autore testo/musica SPICS: 7857
9 (RLIN) 8162
942 ## - ADDED ENTRY ELEMENTS (KOHA)
Koha item type DISCHI
Source of classification or shelving scheme Dewey Decimal Classification
Dati di copia
Withdrawn status Lost status Damaged status Not for loan Home library Current library Date acquired Total Checkouts Full call number Date last seen Price effective from Koha item type Public note
    Buone Condizioni Not For Loan SPICS-MEDIATECA SPICS-MEDIATECA 25/10/2013   23997 25/10/2013 25/10/2013 DISCHI Progr. Ins.: 4844 / N.Vol.: 1 / Copie: 1 - Copia rara: n.d. / date import: 01.01.2014 - By Epidotti, Trombetti, Vaglietti
CREDITS: SOCIETA' SAN PAOLO Via A.Severo, 58 - ROMA (RM) & PERIODICI SAN PAOLO SRL Via Giotto, 36 MILANO & CISF Via Giotto, 36 MILANO & EDIZIONI SAN PAOLO SRL,  Piazza Soncino, 5 CINISELLO BALSAMO (MI) -- ITALY